| 000 | 00508nam a22001937a 4500 | ||
|---|---|---|---|
| 003 | OSt | ||
| 005 | 20140310181846.0 | ||
| 008 | 130709t xxu||||| |||| 00| 0 eng d | ||
| 050 |
_aAG 5 _b.Y68 1988 |
||
| 082 |
_aREF 031 _bY8 1988 |
||
| 245 | _aYoung students learning Library / | ||
| 260 |
_aConnecticut : _bFunk & Wagnalls Inc., & Field Pub., _c1988. |
||
| 300 |
_a3 v. _c28 cm. |
||
| 541 |
_i3 _j1 |
||
| 541 |
_i4 _j1 |
||
| 541 |
_i5 _j1 |
||
| 562 | _e3 | ||
| 942 |
_2lcc _cBK-GR _kREF |
||
| 999 |
_c5225 _d5225 |
||